| 000 | 00831nam a2200253 4500 | ||
|---|---|---|---|
| 003 | OSt | ||
| 005 | 20240625020231.0 | ||
| 006 | a | ||
| 008 | 240625b |||||||| |||| 00| 0 eng d | ||
| 020 | _a9780131374447 | ||
| 040 |
_aDWCL-Main lib. _cOC |
||
| 082 |
_2Fourth edition _aCirc. 371.334 L658t 2011 |
||
| 100 | _aLever-Duffy, Judy | ||
| 245 | _aTeaching and learning with technology / | ||
| 250 | _aFourth edition | ||
| 260 |
_aBoston : _bPearson Education, Inc. , _cc2011. |
||
| 300 |
_axxvii, _b421 p. : col. ill.; _c28 cm. |
||
| 504 | _aIncludes bibliographical references & index. | ||
| 650 | _a1. Educational technology. | ||
| 650 | _a2. Computer-assisted instruction. | ||
| 650 | _a3. computer network resources. | ||
| 650 | _a4. Audio-visual materials. | ||
| 942 |
_2ddc _n0 _cBK-CIRC _eFourth edition _kCirc. |
||
| 999 |
_c1275 _d1275 |
||